000 00443nam a2200193Ia 4500
005 20250423094538.0
008 250422s9999 xx 000 0 und d
020 _a81-219-2555X
050 _aTK 7816 .P52/
100 _aBasavaraj, B.
245 0 _aBasic electronics : solid state
250 _a11th ed.
260 _aNew Delhi
260 _bS. Chand and Company
260 _c2005
300 _a715 p
650 _aEE
942 _cBK
999 _c27559
_d27559